Tennis : Joueurs du top 100 Hommes - Statistiques

Statistiques générales
  • Ce quiz a été pris 386 fois
  • Le résultat moyen est 42 sur 100
Statistiques - réponses
Classement Pays Joueur % Correct
1 Serbie Novak Djokovic
99%
2 Espagne Carlos Alcaraz
96%
4 Italie Jannik Sinner
95%
6 Allemagne Alexander Zverev
94%
3 Neutre Daniil Medvedev
94%
7 Danemark Holger Rune
93%
10 Grèce Stefanos Tsitsipas
93%
12 Norvège Casper Ruud
89%
5 Neutre Andrey Rublev
88%
13 Bulgarie Grigor Dimitrov
84%
21 France Ugo Humbert
83%
9 USA Taylor Fritz
81%
11 Australie Alex De Minaur
80%
14 USA Frances Tiafoe
80%
36 France Arthur Fils
79%
70 France Gaël Monfils
79%
8 Pologne Hubert Hurkacz
78%
16 USA Ben Shelton
74%
17 France Adrian Mannarino
73%
23 Kazakhstan Alexander Bublik
70%
15 USA Tommy Paul
66%
28 Canada Félix Auger-Aliassime
64%
19 Royaume-Uni Cameron Norrie
63%
49 Royaume-Uni Andy Murray
60%
18 Neutre Karen Khachanov
59%
22 Argentine Francisco Cerúndolo
58%
27 Italie Lorenzo Musetti
57%
20 Chili Nicolás Jarry
57%
57 Suisse Stan Wawrinka
54%
26 Argentine Sebastián Báez
49%
24 Espagne Alejandro Davidovich Fokina
48%
51 Royaume-Uni Jack Draper
48%
30 Pays-Bas Tallon Griekspoor
47%
91 Autriche Dominic Thiem
44%
86 France Hugo Gaston
44%
25 Allemagne Jan Lennard Struff
44%
46 Italie Lorenzo Sonego
43%
47 Portugal Nuno Borges
43%
29 Argentine Tomás Martín Etcheverry
43%
50 Chine Zhizhen Zhang
43%
31 Croatie Borna Ćorić
41%
80 France Arthur Cazaux
38%
54 Chili Alejandro Tabilo
37%
32 République Tchèque Jiří Lehečka
37%
44 Australie Jordan Thompson
36%
34 USA Sebastian Korda
36%
35 Serbie Laslo Djere
35%
40 Serbie Miomir Kecmanović
35%
38 Autriche Sebastian Ofner
35%
94 France Arthur Rinderknech
33%
42 Royaume-Uni Daniel Evans
33%
68 France Luca Van Assche
33%
41 Italie Matteo Arnaldi
33%
66 République Tchèque Tomáš Macháč
33%
83 Japon Yoshihito Nishioka
33%
72 France Alexandre Müller
32%
77 Australie Thanasi Kokkinakis
32%
45 Australie Alexei Popyrin
31%
53 Serbie Dušan Lajović
31%
63 Pays-Bas Botic van de Zandschulp
30%
52 Allemagne Daniel Altmaier
30%
55 Finlande Emil Ruusuvuori
30%
58 Hongrie Fábián Marozsán
30%
87 Chili Cristian Garín
29%
82 Hongrie Márton Fucsovics
29%
56 Kazakhstan Alexander Shevchenko
26%
71 Italie Flavio Cobolli
26%
39 Neutre Roman Safiullin
26%
62 Japon Taro Daniel
25%
37 Neutre Aslan Karatsev
24%
90 USA Brandon Nakashima
24%
33 USA Christopher Eubanks
24%
67 USA Marcos Giron
24%
74 Espagne Jaume Munar
23%
81 Brésil Thiago Seyboth Wild
23%
65 Espagne Roberto Carballés Baena
22%
59 Allemagne Yannick Hanfmann
21%
60 Allemagne Dominik Koepfer
20%
48 USA Mackenzie McDonald
20%
69 Australie Aleksandar Vukic
19%
75 USA Alex Michelsen
19%
78 Colombie Daniel Elahi Galán
19%
43 Australie Max Purcell
19%
61 Neutre Pavel Kotov
19%
64 Australie Christopher O'Connell
17%
85 Pérou Juan Pablo Varillas
17%
97 Espagne Pedro Martínez
17%
96 Suisse Dominic Stricker
15%
99 Allemagne Maximilian Marterer
14%
88 Australie Rinky Hijikata
14%
93 Argentine Federico Coria
13%
76 USA Jeffrey John Wolf
13%
95 Argentine Facundo Díaz Acosta
12%
92 Croatie Borna Gojo
11%
73 Argentine Pedro Cachín
11%
100 USA Aleksandar Kovačević
10%
79 Espagne Bernabé Zapata Miralles
9%
84 Espagne Albert Ramos Viñolas
8%
89 Autriche Jurij Rodionov
8%
98 Royaume-Uni Liam Broady
6%
Aucun quiz correspondant
Distribution des résultats
% des personnes avec chaque résultat
Percentile par nombre de réponses
Votre historique - résultats
Vous n’avez pas pris ce quiz